000 01239nam a2200301 a 4500
001
003 OSt
005 20240704114906.0
008 081218s2020 dr 000 0 spa d
020 _a9789945807202
040 _aDO-SdBNP
_bspa
_cBNPHU
082 4 _a342.729302
_bF825c
_222
100 _aFranco, Francisco
_977658
110 2 _aRepública Dominicana.
_9447
240 _aConstitución
245 1 0 _aConstitución de la República Dominicana :
_binterpretada por el tribunal constitucional dominicano, votada y proclamada por la Asamblea Nacional en fecha trece (13) de junio de 2015, Gaceta Oficial no. 10805 del 10 de julio de 2015 /
_cFrancisco Franco ; prólogo Milton Ray Guevara
260 _aSanto Domingo :
_bTribunal Constitucional,
_c2020
300 _a916 p. ;
_c21 cm.
500 _aIncluye datos biográficos del autor : p. iii-iv
504 _a
590 _aInventariado, 2021/VM
650 4 _aDerecho constitucional
_zRepública Dominicana
_956229
651 4 _aRepública Dominicana
_xConstitución
_9448
700 1 _aFernández Rodríguez, Aura Celeste,
_d1959-
_epról.
_976547
700 1 _aFranco, Francisco
_977658
910 _aVMateo/Validado. Control de calidad MFF
942 _2ddc
_cLBS1
999 _c49307
_d49307